000 00870nmm a2200277 a 4500
001 ocm000702250
003 TR-IsHL
005 20201028124524.0
008 130902s2010 tu tur
007 cr cn
035 _a702250
_b(N$T)
050 0 4 _aPQ2510.A1
_bN36 2010
090 0 4 _aPQ2510.A1
_bN36 2010
100 1 _aZola, Emile
245 1 0 _aNana
_h[electronic resource] /
_cEmile Zola ; çev. Sevil İnan Sönmez
250 _a1. bs.
260 _aİstanbul :
_bBirleşik Yayın Grubu,
_c2010
300 _a296 p.
650 4 _aDil ve Edebiyat
650 4 _aLanguage and Literature
650 0 _aFransız romanı
650 0 _aFrench fiction
650 7 _aLITERARY COLLECTIONS / European / French
_2bisacsh
700 1 _aSönmez, Sevil İlhan
856 4 0 _uhttp://search.ebscohost.com/login.aspx?direct=true&scope=site&db=e011xww&AN=702250
999 _c2996
_d2996